| 000 | 01209nam a22003137a 4500 | ||
|---|---|---|---|
| 003 | CHAP | ||
| 005 | 20220329134213.0 | ||
| 008 | 971013s1930 r 00010 d | ||
| 010 | _a16916 | ||
| 011 | _a17888 | ||
| 035 | _a21972 | ||
| 040 | _cCHAP | ||
| 090 | _aTesis | ||
| 100 | 0 | 0 |
_aJáquez, Fernando. _961719 |
| 245 | _aCondiciones que guarda actualmente el poblado de "Camacho del Municipio de San Carlos, Distrito del Edo. de Tamaulipas, y el proyecto para la reparación de la presa de derivación de "La Brisa" con objeto de proporcionar el agua necesaria para el riego | ||
| 260 |
_aCd. Victoria, Tamps., : _bEl autor, _c1930 |
||
| 300 |
_a24 h. _b: ilus |
||
| 502 | _aTesis (Ing. Agr. Esp. en Irrigación) -- ENA. Departamento de Irrigación | ||
| 590 |
_aALEPH _b10 _c20130110 _lUCH01 _h1239 |
||
| 590 |
_aBATCH-UPD _b10 _c20130110 _lUCH01 _h2209 |
||
| 590 |
_aBATCH-UPD _b10 _c20130410 _lUCH01 _h1513 |
||
| 590 |
_aBATCH-UPD _b10 _c20130914 _lUCH01 _h1657 |
||
| 590 |
_aCONVERSION _b10 _c20130109 _lUCH01 _h1310 |
||
| 650 | 1 | 4 |
_aIrrigación _xProyectos _xTamaulipas. _960472 |
| 650 | 1 | 4 |
_aPresa "La Brisa", Tamps. _991415 |
| 901 | _aBK | ||
| 942 | _cTESIS | ||
| 949 |
_bBC _cTES _d-51147 _eTS1 _i21972 _si |
||
| 999 |
_c16916 _d16916 |
||